000 00404nam a2200169Ia 4500
003 OSt
005 20240111151745.0
008 170619s9999 xx 000 0 und d
020 _a9788127251529
040 _cIIMT ENGINEERING COLLEGE
100 _ajain narang
245 0 _aCOST AND MANAGEMENT ACOOUNTING
260 _bKalyani Publication
260 _c2009
546 _aENGLISH
942 _2ddc
_c02
999 _c22421
_d22421